Trends and challenges in higher education internationalisation

Vzájomná prepojenosťinternacionalizácie vysokoškolského vzdelávania a rozvoja znalostnej ekonomiky. Analýza špecifických aspektov a fáz procesu internacionalizácie vysokoškolských inštitúcií. Prípadové štúdie Austrálie a Hongkongu.

Salvato in:
Dettagli Bibliografici
Autore principale: Mazur, Jolanta
Natura: Capitolo di libro
Lingua:inglese
Soggetti:
Tags: Aggiungi Tag
Nessun Tag, puoi essere il primo ad aggiungerne!!

MARC

LEADER 00000naa a2200000 4500
001 0141715
005 20230918093807.8
041 0 |a eng 
044 |a SK 
245 1 0 |a Trends and challenges in higher education internationalisation  |c Jolanta Mazur 
520 |a Vzájomná prepojenosťinternacionalizácie vysokoškolského vzdelávania a rozvoja znalostnej ekonomiky. Analýza špecifických aspektov a fáz procesu internacionalizácie vysokoškolských inštitúcií. Prípadové štúdie Austrálie a Hongkongu. 
610 2 0 |a vzdelávanie vysokoškolské 
610 2 0 |a spolupráca vedecká medzinárodná 
610 2 0 |a spolupráca vedeckovýskumná 
610 2 0 |a ekonomika znalostná 
610 2 0 |a Austrália 
610 2 0 |a Hongkong 
610 2 0 |a štúdie prípadové 
100 1 |a Mazur, Jolanta